La garçonne (Record no. 173327)

MARC details
000 -LEADER
campo de control de longitud fija 00651nam a2200229 4500
001 - NÚMERO DE CONTROL
campo de control 173327
003 - IDENTIFICADOR DE NÚMERO DE CONTROL
campo de control ES-MaACL
005 - FECHA Y HORA DE LA ÚLTIMA TRANSACCIÓN
campo de control 20230906215219.0
008 - DATOS DE LONGITUD FIJA--INFORMACIÓN GENERAL
campo de control de longitud fija 091125n1978 fr |||| | fre d
020 ## - NÚMERO INTERNACIONAL ESTÁNDAR DEL LIBRO
Número Internacional Estándar del Libro 2-08-064130-1
080 ## - NÚMERO DE LA CLASIFICACIÓN DECIMAL UNIVERSAL
Número de la Clasificación Decimal Universal 821.133.1-3
100 1# - ENTRADA PRINCIPAL--NOMBRE DE PERSONA
Nombre de persona Margueritte, Victor.
9 (RLIN) 76636
245 13 - MENCIÓN DEL TÍTULO
Título La garçonne
Resto del título : roman /
Mención de responsabilidad, etc. Victor Margueritte.
260 ## - PUBLICACIÓN, DISTRIBUCIÓN, ETC.
Lugar de publicación, distribución, etc. Paris :
Nombre del editor, distribuidor, etc. Flammarion,
Fecha de publicación, distribución, etc. 1978.
300 ## - DESCRIPCIÓN FÍSICA
Extensión 269 p. ;
Dimensiones 20 cm.
490 1# - MENCIÓN DE SERIE
Mención de serie 26 Rue Racine
594 ## - Nota al título y mención de responsabilidad
Nota al título y mención de responsabilidad Precede al tít.: La Femme en chemin.
740 3# - ENTRADA AGREGADA--TÍTULO RELACIONADO/ANALÍTICO NO CONTROLADO
Título relacionado o analítico no controlado La Femme en chemin.
Número de parte o sección de la obra [1]
830 0# - PUNTO DE ACCESO ADICIONAL DE SERIE-TÍTULO UNIFORME
Título uniforme 26 Rue Racine
9 (RLIN) 223508
852 4# - LOCALIZACIÓN
Ubicación ES-MaACL
Número de control de estantería E-13238
Holdings
Estatus retirado Estado de pérdida Estado de daño No para préstamo Biblioteca de origen Biblioteca actual Ubicación en estantería Fecha de adquisición Fuente de adquisición Total de préstamos Signatura topográfica completa Código de barras Visto por última vez Precio de reemplazo Tipo de ítem Koha
        Biblioteca del Ateneo de Madrid Biblioteca del Ateneo de Madrid Depósito 2 25/11/2009     E-13238 1181899 23/02/2023 23/02/2023 Libro impreso